[Event "2. Bundesliga Ost 2009/2010"]
[Site "17+18.10Zwettl14+15.11Poechlarn"]
[Date "2010.04.17"]
[Round "10"]
[Board "3"]
[White "Kreindl, Helmut"]
[Black "Nagy, Bence"]
[Result "1-0"]
[WhiteElo "2194"]
[BlackElo "2305"]
[PlyCount "109"]
[EventDate "2009.10.17"]
[EventType "team"]
[EventRounds "11"]
[EventCountry "AUT"]
[WhiteTeam "SV Tschaturanga Neubau"]
[BlackTeam "Austria Wien"]

1.d4 d5 2.Bg5 Nf6 3.Nd2 Nbd7 4.e3 e5 5.Ngf3 e4 6.Ne5 Bd6 7.Nxd7 Bxd7 8.c4 c6
9.Qb3 Qa5 10.Bxf6 gxf6 11.c5 Bc7 12.Qc3 Qxc3 13.bxc3 b6 14.Nb3 bxc5 15.Nxc5 Rb8
16.Na6 Rb7 17.Nxc7+ Rxc7 18.Rb1 Ke7 19.Ba6 Rg8 20.g3 c5 21.Kd2 c4 22.Rb4 f5
23.Rhb1 Rg6 24.Bb5 Bc8 25.Ba4 Ra6 26.R1b2 Kd6 27.Bd1 Rcc6 28.Ba4 Rc7 29.Bc2 Ke6
30.Rb8 Rcc6 31.a4 Kd6 32.Bd1 Kc7 33.Bh5 Rh6 34.Bxf7 Rxh2 35.Ke2 Rxa4 36.Bxd5 Rh1
37.Rb1 Ra2+ 38.R8b2 Rxb2+ 39.Rxb2 Rc1 40.Bxc4 Rxc3 41.Bg8 h6 42.Kd2 Rd3+ 43.Kc2
Ra3 44.Ra2 Rxa2+ 45.Bxa2 Kb6 46.Kc3 Kc6 47.Kb4 Kb6 48.Bf7 Bd7 49.Kc4 a5 50.Kd5
Ba4 51.Ke6 Bb5 52.Ke7 Kc7 53.d5 Bd7 54.d6+ Kc8 55.Be8

[Event "2. Bundesliga Ost 2009/2010"]
[Site "17+18.10Zwettl14+15.11Poechlarn"]
[Date "2010.04.17"]
[Round "10"]
[Board "4"]
[White "Liedl, Wolfgang"]
[Black "Zsifkovits, Robert"]
[Result "0-1"]
[WhiteElo "2211"]
[BlackElo "2166"]
[PlyCount "56"]
[EventDate "2009.10.17"]
[EventType "team"]
[EventRounds "11"]
[EventCountry "AUT"]
[WhiteTeam "Austria Wien"]
[BlackTeam "SV Tschaturanga Neubau"]

1.d4 Nf6 2.c4 e6 3.Nc3 Bb4 4.Qc2 d5 5.a3 Bxc3+ 6.Qxc3 Ne4 7.Qc2 Nc6 8.Nf3 e5
9.dxe5 Bf5 10.Qa4 O-O 11.Bf4 d4 12.Rd1 a6 13.c5 Nxc5 14.Qc4 Ne6 15.Bg3 Na5
16.Qa4 c5 17.b4 Nc4 18.Qb3 b5 19.e3 Qd5 20.Nd2 d3 21.Rc1 Rac8 22.Rc3 Rfd8
23.Nxc4 cxb4 24.Nd6 bxc3 25.Qxd5 c2 26.Be2 c1=Q+ 27.Bd1 Qc3+ 28.Kf1 Qd2

[Event "2. Bundesliga Ost 2009/2010"]
[Site "17+18.10Zwettl14+15.11Poechlarn"]
[Date "2010.04.17"]
[Round "10"]
[Board "5"]
[White "Ponjican, Erich"]
[Black "Newrkla, Katharina"]
[Result "1-0"]
[WhiteElo "2170"]
[BlackElo "2083"]
[PlyCount "81"]
[EventDate "2009.10.17"]
[EventType "team"]
[EventRounds "11"]
[EventCountry "AUT"]
[WhiteTeam "SV Tschaturanga Neubau"]
[BlackTeam "Austria Wien"]

1.e4 c5 2.Nf3 d6 3.d4 cxd4 4.Nxd4 Nf6 5.Nc3 a6 6.Bg5 Nbd7 7.f4 Qc7 8.Qf3 h6
9.Bh4 g5 10.fxg5 hxg5 11.Bxg5 Qc5 12.Nf5 Ne5 13.Qe3 Nfg4 14.Qxc5 dxc5 15.Nd5
Bxf5 16.Nc7+ Kd7 17.Nxa8 Bxe4 18.O-O-O+ Kc6 19.Rd8 Bg7 20.Rxh8 Bxh8 21.a4 Ng6
22.Be2 Nf6 23.Rg1 Nd5 24.g3 Bd4 25.Rf1 f6 26.Bd2 b5 27.a5 Bg2 28.Rf5 Bg1 29.Rh5
c4 30.Rh7 Be4 31.Rh6 Ne3 32.Bh5 Ne5 33.Bd1 Nxd1 34.Kxd1 Nf3 35.Bb4 Nxh2 36.Bxe7
Ng4 37.Rh4 f5 38.Bg5 Bf2 39.Bf4 Bd4 40.c3 Be3 41.Rxg4

[Event "2. Bundesliga Ost 2009/2010"]
[Site "17+18.10Zwettl14+15.11Poechlarn"]
[Date "2010.04.17"]
[Round "10"]
[Board "6"]
[White "Rogetzer, Klaus"]
[Black "Schwaninger, Wolfgang"]
[Result "0-1"]
[WhiteElo "2073"]
[BlackElo "2151"]
[PlyCount "82"]
[EventDate "2009.10.17"]
[EventType "team"]
[EventRounds "11"]
[EventCountry "AUT"]
[WhiteTeam "Austria Wien"]
[BlackTeam "SV Tschaturanga Neubau"]

1.Nf3 g6 2.g3 Bg7 3.d4 d6 4.Bg2 Nf6 5.O-O O-O 6.c4 c6 7.Nc3 Nbd7 8.h3 e5 9.e4
Qe7 10.Re1 Re8 11.b3 b6 12.Ba3 exd4 13.Nxd4 Bb7 14.e5 Nxe5 15.Nxc6 Qe6 16.Nb5
Bxc6 17.Bxc6 Qxh3 18.Bg2 Qh6 19.Bc1 g5 20.Nc7 Nfg4 21.Nxe8 Rxe8 22.Be3 Re6
23.Rc1 Rf6 24.Qd5 Qh2+ 25.Kf1 Qxg3 26.Ke2 Rxf2+ 27.Bxf2 Qxf2+ 28.Kd1 Ne3+
29.Rxe3 Qxe3 30.Qd2 Qg3 31.Kc2 Ng4 32.Re1 Kf8 33.Bc6 Be5 34.Rh1 h6 35.Re1 h5
36.Re2 h4 37.Bd7 Bf4 38.Re8+ Kg7 39.Qd4+ Ne5 40.Qd1 Qf2+ 41.Kb1 Nxd7

[Event "2. Bundesliga Ost 2009/2010"]
[Site "17+18.10Zwettl14+15.11Poechlarn"]
[Date "2010.04.17"]
[Round "10"]
[Board "1"]
[White "Denk, Adolf"]
[Black "Antoniewski, Rafal"]
[Result "0-1"]
[WhiteElo "2257"]
[BlackElo "2558"]
[PlyCount "74"]
[EventDate "2009.10.17"]
[EventType "team"]
[EventRounds "11"]
[EventCountry "AUT"]
[WhiteTeam "SK St. Poelten"]
[BlackTeam "ASVOE SK Mattersburg"]

1.d4 g6 2.Nf3 Bg7 3.g3 c5 4.c4 cxd4 5.Nxd4 Nc6 6.Nc2 d6 7.Bg2 Be6 8.Ne3 Rc8
9.O-O Qd7 10.Nd2 Nf6 11.Rb1 O-O 12.Nd5 Bxd5 13.cxd5 Nb4 14.Qb3 Na6 15.e4 Nc5
16.Qa3 b5 17.Re1 b4 18.Qf3 Qa4 19.b3 Qxa2 20.Rb2 Qa1 21.Nc4 Nfxe4 22.Rbe2 f5
23.Ba3 Qd4 24.Bxb4 Qxd5 25.Bxc5 Qxc5 26.Qd3 d5 27.Ne3 e6 28.Rc2 Qb6 29.Rec1 Rc5
30.Rxc5 Nxc5 31.Qc2 Bd4 32.Bxd5 exd5 33.Nxd5 Qxb3 34.Ne7+ Kf7 35.Qd2 Qd3 36.Qa2+
Kxe7 37.Qxa7+ Kf6

[Event "2. Bundesliga Ost 2009/2010"]
[Site "17+18.10Zwettl14+15.11Poechlarn"]
[Date "2010.04.17"]
[Round "10"]
[Board "2"]
[White "Petran, Peter"]
[Black "Sadilek, Maximilian"]
[Result "1-0"]
[WhiteElo "2361"]
[BlackElo "2207"]
[PlyCount "117"]
[EventDate "2009.10.17"]
[EventType "team"]
[EventRounds "11"]
[EventCountry "AUT"]
[WhiteTeam "ASVOE SK Mattersburg"]
[BlackTeam "SK St. Poelten"]

1.Nf3 d5 2.g3 Nc6 3.d4 Bg4 4.Bg2 Qd7 5.h3 Bxf3 6.exf3 e6 7.c3 Bd6 8.O-O Nge7
9.Re1 O-O-O 10.f4 h6 11.h4 Rdg8 12.Qe2 Nf5 13.a4 Be7 14.Nd2 g5 15.hxg5 hxg5
16.fxg5 Bxg5 17.a5 Nh4 18.gxh4 Bxd2 19.Qxd2 Rxh4 20.Re3 Qd6 21.Rg3 Rxg3 22.fxg3
Qxg3 23.Qf2 Qh2+ 24.Kf1 f5 25.Bf3 Ne7 26.Bg5 Qxf2+ 27.Kxf2 Rh7 28.a6 b6 29.Rg1
Kd7 30.Bf4 c5 31.Ke3 c4 32.b4 cxb3 33.Rb1 Nc6 34.Rxb3 Na5 35.Rb1 Nc4+ 36.Kf2 Rh4
37.Kg3 Rh7 38.Be2 Kc6 39.Kf2 Nd6 40.Bxd6 Kxd6 41.Rg1 Rc7 42.Rg3 f4 43.Rh3 Kc6
44.Rh6 Kd6 45.Bg4 Rxc3 46.Rxe6+ Kc7 47.Re7+ Kc6 48.Rxa7 Ra3 49.Bd7+ Kd6 50.Bb5
Ke6 51.Ra8 Kd6 52.Rf8 Ra5 53.Be2 Ke7 54.Rb8 Ke6 55.Bg4+ Kf6 56.Rxb6+ Kg5 57.Be2
Ra4 58.Rb5 Rxd4 59.Ra5

[Event "2. Bundesliga Ost 2009/2010"]
[Site "17+18.10Zwettl14+15.11Poechlarn"]
[Date "2010.04.17"]
[Round "10"]
[Board "3"]
[White "Roehrl, Karl"]
[Black "Riedner, Martin"]
[Result "1-0"]
[WhiteElo "2294"]
[BlackElo "2189"]
[PlyCount "69"]
[EventDate "2009.10.17"]
[EventType "team"]
[EventRounds "11"]
[EventCountry "AUT"]
[WhiteTeam "SK St. Poelten"]
[BlackTeam "ASVOE SK Mattersburg"]

1.Nf3 f5 2.d4 Nf6 3.g3 g6 4.Bg2 Bg7 5.O-O O-O 6.c4 d6 7.Nc3 c6 8.d5 Qe8 9.Nd4
Bd7 10.Qb3 Qc8 11.c5 Kh8 12.cxd6 exd6 13.Bf4 Ne8 14.dxc6 bxc6 15.Rfd1 Na6 16.Qa3
d5 17.Be5 Nf6 18.Rac1 Qb7 19.Na4 Rac8 20.Nb3 Qb5 21.Nac5 Nxc5 22.Nxc5 Rf7 23.Qc3
Rcf8 24.Nxd7 Nxd7 25.Bxg7+ Rxg7 26.Qxc6 Qxe2 27.Qc3 Nb6 28.Re1 Qg4 29.Re7 d4
30.Qc7 Rc8 31.Qe5 Rxc1+ 32.Bf1 Rxf1+ 33.Kxf1 Qh3+ 34.Kg1 Qh6 35.Re8#

[Event "2. Bundesliga Ost 2009/2010"]
[Site "17+18.10Zwettl14+15.11Poechlarn"]
[Date "2010.04.17"]
[Round "10"]
[Board "4"]
[White "Brod, Manfred"]
[Black "Juenger, Heinz"]
[Result "0-1"]
[WhiteElo "2165"]
[BlackElo "2086"]
[PlyCount "64"]
[EventDate "2009.10.17"]
[EventType "team"]
[EventRounds "11"]
[EventCountry "AUT"]
[WhiteTeam "ASVOE SK Mattersburg"]
[BlackTeam "SK St. Poelten"]

1.e4 c5 2.Nf3 e6 3.d4 cxd4 4.Nxd4 a6 5.Bd3 Nf6 6.Qe2 d6 7.c4 Qc7 8.O-O Be7 9.b3
Nbd7 10.Nd2 b6 11.Bb2 Bb7 12.Rac1 Rc8 13.f4 g6 14.g4 e5 15.g5 Nh5 16.Nc2 O-O
17.fxe5 dxe5 18.Nf3 Nf4 19.Qd2 Nxd3 20.Qxd3 Nc5 21.Qe2 Nxe4 22.Bxe5 Bc5+ 23.Ne3
Qe7 24.Bf4 f6 25.b4 Bxb4 26.Ng4 Bc5+ 27.Kg2 Nxg5 28.Qxe7 Bxe7 29.Bxg5 fxg5
30.Kg3 Bd6+ 31.Nfe5 h5 32.Rf6 Bxe5+

[Event "2. Bundesliga Ost 2009/2010"]
[Site "17+18.10Zwettl14+15.11Poechlarn"]
[Date "2010.04.17"]
[Round "10"]
[Board "5"]
[White "Kammerer, Roman"]
[Black "Salamon, Werner"]
[Result "1-0"]
[WhiteElo "2099"]
[BlackElo "2130"]
[PlyCount "99"]
[EventDate "2009.10.17"]
[EventType "team"]
[EventRounds "11"]
[EventCountry "AUT"]
[WhiteTeam "SK St. Poelten"]
[BlackTeam "ASVOE SK Mattersburg"]

1.e4 e5 2.Nf3 Nc6 3.Bc4 Be7 4.c3 Nf6 5.d4 d6 6.d5 Nb8 7.Bd3 Nbd7 8.Qe2 Nc5 9.Bc2
a5 10.h3 O-O 11.Nbd2 a4 12.Nf1 h6 13.g4 Nh7 14.Ng3 Ng5 15.Nf5 Nxf3+ 16.Qxf3 Bg5
17.h4 Bxc1 18.Rxc1 Bxf5 19.gxf5 Kh8 20.Kd2 c6 21.Rcg1 Qf6 22.Rg4 cxd5 23.exd5 b5
24.Rhg1 Rg8 25.h5 Rab8 26.Qe3 e4 27.Bxe4 b4 28.Bc2 bxc3+ 29.Qxc3 Qxc3+ 30.bxc3
f6 31.Rb4 Rbe8 32.f4 Re7 33.Re1 Rc7 34.Bxa4 Ra8 35.Re8+ Rxe8 36.Bxe8 Kg8 37.Rb8
Kf8 38.Bg6+ Ke7 39.Rg8 Ne4+ 40.Kd3 Nf2+ 41.Ke2 Nh3 42.Rxg7+ Kd8 43.Rxc7 Kxc7
44.Kf3 Ng1+ 45.Ke3 Kb6 46.Be8 Kc5 47.Bc6 Kb6 48.a4 Ka5 49.Bb5 Kb6 50.Bf1

[Event "2. Bundesliga Ost 2009/2010"]
[Site "17+18.10Zwettl14+15.11Poechlarn"]
[Date "2010.04.17"]
[Round "10"]
[Board "1"]
[White "Froschauer, Hans"]
[Black "Farago, Ivan"]
[Result "0-1"]
[WhiteElo "2126"]
[BlackElo "2511"]
[PlyCount "104"]
[EventDate "2009.10.17"]
[EventType "team"]
[EventRounds "11"]
[EventCountry "AUT"]
[WhiteTeam "ASVOE Pamhagen"]
[BlackTeam "ASVOE VHS Poechlarn"]

1.e4 c5 2.Nf3 e6 3.d4 cxd4 4.Nxd4 a6 5.Bd3 Nf6 6.O-O Qc7 7.Qe2 d6 8.c4 g6 9.Nc3
Bg7 10.Be3 O-O 11.Rac1 Nbd7 12.Rfd1 b6 13.f3 Bb7 14.Qf2 Rac8 15.Bf1 Qb8 16.Nc2
Ba8 17.Bf4 Ne8 18.Ne3 Ne5 19.Kh1 Nf6 20.h3 Rfd8 21.Bg5 h6 22.Bh4 g5 23.Bg3 Nh5
24.Bh2 Nf4 25.g3 Nfg6 26.f4 Nd7 27.Bg2 b5 28.cxb5 axb5 29.a3 b4 30.axb4 Qxb4
31.f5 Nge5 32.g4 Nf6 33.Bxe5 dxe5 34.Rxd8+ Rxd8 35.Qc2 Bf8 36.fxe6 fxe6 37.Rf1
Be7 38.Ned1 Kg7 39.Nf2 Bb7 40.Rd1 Rd4 41.Kh2 Ba6 42.Bf1 Rxd1 43.Qxd1 Qxb2
44.Bxa6 Qxf2+ 45.Kh1 Qg3 46.Qd3 Qe1+ 47.Kg2 Bc5 48.Ne2 Qf2+ 49.Kh1 Be3 50.Bc4 h5
51.gxh5 g4 52.hxg4 Qf3+

[Event "2. Bundesliga Ost 2009/2010"]
[Site "17+18.10Zwettl14+15.11Poechlarn"]
[Date "2010.04.17"]
[Round "10"]
[Board "2"]
[White "Kostic, Vladimir"]
[Black "Horvath, Maria"]
[Result "1-0"]
[WhiteElo "2430"]
[BlackElo "2001"]
[PlyCount "75"]
[EventDate "2009.10.17"]
[EventType "team"]
[EventRounds "11"]
[EventCountry "AUT"]
[WhiteTeam "ASVOE VHS Poechlarn"]
[BlackTeam "ASVOE Pamhagen"]

1.Nf3 d5 2.d4 c6 3.c4 e6 4.Nbd2 f5 5.e3 Nf6 6.b3 Bd6 7.Bb2 O-O 8.Qc1 Qe7 9.a4 b6
10.Bd3 Ne4 11.O-O Bb7 12.Ne5 Nd7 13.Nxd7 Qxd7 14.Ba3 Bxa3 15.Rxa3 Nxd2 16.Qxd2
Qd6 17.Ra2 c5 18.Be2 Rad8 19.Rd1 cxd4 20.exd4 dxc4 21.bxc4 f4 22.Bf1 Rf7 23.a5
Rfd7 24.axb6 axb6 25.Rb2 Be4 26.Qe1 Qc6 27.Rbd2 Bf5 28.d5 Qd6 29.Re2 Bg4 30.f3
Qc5+ 31.Kh1 Bf5 32.Re5 g6 33.g4 fxg3 34.hxg3 exd5 35.g4 Bc2 36.Rd2 Ba4 37.cxd5
Rxd5 38.Rexd5

[Event "2. Bundesliga Ost 2009/2010"]
[Site "17+18.10Zwettl14+15.11Poechlarn"]
[Date "2010.04.17"]
[Round "10"]
[Board "3"]
[White "Fingerhut, Ludwig"]
[Black "Rumpl, Erwin"]
[Result "0-1"]
[WhiteElo "1991"]
[BlackElo "2334"]
[PlyCount "112"]
[EventDate "2009.10.17"]
[EventType "team"]
[EventRounds "11"]
[EventCountry "AUT"]
[WhiteTeam "ASVOE Pamhagen"]
[BlackTeam "ASVOE VHS Poechlarn"]

1.e4 c5 2.f4 Nc6 3.Nf3 g6 4.Nc3 Bg7 5.d3 d6 6.Be2 Bg4 7.Nd2 Bxe2 8.Nxe2 Nf6
9.Nf3 O-O 10.c3 b5 11.Ng3 b4 12.O-O bxc3 13.bxc3 Qa5 14.Bd2 Rab8 15.Qc2 Nd7
16.Rab1 Nb6 17.Ne2 c4 18.d4 f5 19.e5 d5 20.Ng5 Nd8 21.Rb4 h6 22.Nf3 Nc6 23.Rbb1
e6 24.Nh4 Kh7 25.g4 Rb7 26.Kh1 Ne7 27.Rg1 Rfb8 28.gxf5 gxf5 29.Ng3 Qa4 30.Qc1
Nd7 31.Rxb7 Rxb7 32.Nh5 Bh8 33.Rg2 Qxa2 34.Qg1 Qb1 35.Be1 Qe4 36.Qf2 Rb1 37.Nf3
Nf8 38.Kg1 Neg6 39.h4 Nxf4 40.Nxf4 Qxf4 41.Qa2 Rb7 42.Kf2 Qe4 43.Bd2 Bg7 44.Qa6
Qb1 45.Qc6 Qb5 46.Qd6 Qd7 47.Qa3 Rb3 48.Qc1 a5 49.Qg1 a4 50.h5 a3 51.Nh4 Rb2
52.Ke3 a2 53.Ng6 Rb1 54.Nxf8+ Bxf8 55.Qh2 a1=Q 56.Qg3 Qf7

[Event "2. Bundesliga Ost 2009/2010"]
[Site "17+18.10Zwettl14+15.11Poechlarn"]
[Date "2010.04.17"]
[Round "10"]
[Board "4"]
[White "Weinzettl, Ernst"]
[Black "Pollreisz, Johann"]
[Result "1-0"]
[WhiteElo "2278"]
[BlackElo "1844"]
[PlyCount "51"]
[EventDate "2009.10.17"]
[EventType "team"]
[EventRounds "11"]
[EventCountry "AUT"]
[WhiteTeam "ASVOE VHS Poechlarn"]
[BlackTeam "ASVOE Pamhagen"]

1.e4 c5 2.Nf3 Nc6 3.d4 cxd4 4.Nxd4 Qb6 5.Nb3 e6 6.Nc3 a6 7.Bd3 Nf6 8.Qe2 Bb4
9.Bg5 Be7 10.e5 Nd5 11.Nxd5 exd5 12.Bxe7 Nxe7 13.O-O-O Qh6+ 14.Kb1 b5 15.h4 b4
16.Qg4 a5 17.Nd4 Nc6 18.Nf5 Nxe5 19.Rhe1 Qf6 20.f4 d6 21.fxe5 dxe5 22.Qg3 e4
23.Rxe4+ dxe4 24.Bb5+ Kf8 25.Qxg7+ Qxg7 26.Rd8#

[Event "2. Bundesliga Ost 2009/2010"]
[Site "17+18.10Zwettl14+15.11Poechlarn"]
[Date "2010.04.17"]
[Round "10"]
[Board "5"]
[White "Rusek, Walter"]
[Black "Loidl, Florian"]
[Result "0-1"]
[WhiteElo "1849"]
[BlackElo "2239"]
[PlyCount "52"]
[EventDate "2009.10.17"]
[EventType "team"]
[EventRounds "11"]
[EventCountry "AUT"]
[WhiteTeam "ASVOE Pamhagen"]
[BlackTeam "ASVOE VHS Poechlarn"]

1.d4 d5 2.c4 c6 3.cxd5 Qxd5 4.Nc3 Qd8 5.Bf4 Nf6 6.h3 Bf5 7.Nf3 e6 8.e3 Qb6 9.Qc1
Na6 10.Nh4 Nd5 11.Nxd5 cxd5 12.a3 Qa5+ 13.Kd1 Qa4+ 14.Kd2 Be4 15.f3 Be7 16.fxe4
dxe4 17.Qc4 Qa5+ 18.b4 Nxb4 19.axb4 Qxa1 20.Qb3 O-O 21.g3 Rfc8 22.Bg2 Bxb4+
23.Qxb4 Qa2+ 24.Kd1 Qc2+ 25.Ke1 Qc1+ 26.Ke2 Rc2+

[Event "2. Bundesliga Ost 2009/2010"]
[Site "17+18.10Zwettl14+15.11Poechlarn"]
[Date "2010.04.17"]
[Round "10"]
[Board "1"]
[White "Loeffler, Stefan"]
[Black "Hodisch, Juri"]
[Result "0-1"]
[WhiteElo "2416"]
[BlackElo "2349"]
[PlyCount "150"]
[EventDate "2009.10.17"]
[EventType "team"]
[EventRounds "11"]
[EventCountry "AUT"]
[WhiteTeam "SK Advisory Invest Baden"]
[BlackTeam "Aljechin/Wieden"]

1.d4 Nf6 2.Bg5 e6 3.e4 h6 4.Bxf6 Qxf6 5.c3 d6 6.Bd3 Nd7 7.Ne2 Qd8 8.O-O b6 9.f4
Bb7 10.Ng3 h5 11.Qf3 h4 12.Nh1 h3 13.g3 g6 14.Na3 Bg7 15.d5 exd5 16.exd5 Nf6
17.c4 Kf8 18.Nb5 a6 19.Nc3 b5 20.Nf2 bxc4 21.Bxc4 Qd7 22.Rad1 Rh5 23.g4 Rh4
24.Qg3 Rh8 25.Bb3 c5 26.Ba4 Qc7 27.Nxh3 c4 28.Nf2 Nd7 29.Nfe4 Nc5 30.Nxc5 Qxc5+
31.Qf2 Qxf2+ 32.Rxf2 Rh4 33.g5 Rh3 34.Kg2 Rd3 35.Rxd3 cxd3 36.Bc6 Bxc6 37.dxc6
Bxc3 38.bxc3 Rc8 39.Rd2 Rxc6 40.Rxd3 Ke7 41.Re3+ Kd7 42.Kg3 Rc4 43.Kg4 a5 44.h4
Ra4 45.Re2 Rc4 46.Rh2 Rxc3 47.f5 Rc4+ 48.Kf3 Ra4 49.f6 Ke6 50.Re2+ Kf5 51.Rd2
Ra3+ 52.Kg2 Kg4 53.Rd4+ Kh5 54.Rxd6 Kxh4 55.Rd7 Rxa2+ 56.Kf3 Kxg5 57.Rxf7 Ra4
58.Ke3 Kf5 59.Rf8 Ke6 60.Kf3 g5 61.Kg3 Rf4 62.f7 Rxf7 63.Re8+ Kd6 64.Kg4 Kc5
65.Kxg5 a4 66.Ra8 Kb4 67.Rb8+ Kc3 68.Rc8+ Kb2 69.Rb8+ Ka2 70.Kg4 Rf2 71.Rb7 a3
72.Rb6 Rb2 73.Ra6 Rb4+ 74.Kf3 Kb2 75.Rh6 a2

[Event "2. Bundesliga Ost 2009/2010"]
[Site "17+18.10Zwettl14+15.11Poechlarn"]
[Date "2010.04.17"]
[Round "10"]
[Board "2"]
[White "Heiny, Johannes"]
[Black "Lendwai, Reinhard"]
[Result "1/2-1/2"]
[WhiteElo "2245"]
[BlackElo "2424"]
[PlyCount "138"]
[EventDate "2009.10.17"]
[EventType "team"]
[EventRounds "11"]
[EventCountry "AUT"]
[WhiteTeam "Aljechin/Wieden"]
[BlackTeam "SK Advisory Invest Baden"]

1.d4 Nf6 2.c4 e6 3.Nc3 Bb4 4.e3 b6 5.Nge2 Ne4 6.Qc2 Bb7 7.a3 Bxc3+ 8.Nxc3 f5
9.f3 Nxc3 10.Qxc3 Qh4+ 11.Kd1 O-O 12.b3 d6 13.Ra2 Nd7 14.Bd3 c5 15.Re2 d5 16.Bb2
Rf7 17.Kc1 Rc8 18.Kb1 Nf6 19.Qe1 Qh6 20.Qg3 Rd7 21.Qe5 Ne8 22.Rc1 Ba6 23.g4 fxg4
24.fxg4 Qf6 25.Qh5 g6 26.Qh3 Qg5 27.Qg3 e5 28.h4 Qe7 29.dxe5 dxc4 30.Bxc4+ Bxc4
31.Rxc4 Qe6 32.Rf2 Rcc7 33.Rcf4 Rf7 34.Rxf7 Rxf7 35.Rxf7 Kxf7 36.Qf4+ Ke7 37.Ka2
b5 38.Qe4 a6 39.h5 Kf7 40.Qf4+ Kg8 41.Bc3 gxh5 42.gxh5 h6 43.Qh4 Kf7 44.Kb2 Ng7
45.e4 Qc6 46.Qf4+ Kg8 47.Qg4 Qe6 48.Qd1 Kf7 49.Kc2 Ke8 50.Qd5 Kf7 51.Bd2 Ke8
52.Qxe6+ Nxe6 53.Bxh6 Kf7 54.Be3 Ng7 55.h6 Ne6 56.Kd3 Kg6 57.Ke2 Nd8 58.Kd2 Ne6
59.Kc3 Kh7 60.a4 Kg6 61.axb5 axb5 62.Bxc5 Nxc5 63.Kb4 Nxe4 64.Kxb5 Kxh6 65.Kc6
Kg6 66.b4 Kf5 67.Kd5 Nc3+ 68.Kd6 Ne4+ 69.Kd5 Nc3+

[Event "2. Bundesliga Ost 2009/2010"]
[Site "17+18.10Zwettl14+15.11Poechlarn"]
[Date "2010.04.17"]
[Round "10"]
[Board "3"]
[White "Bawart, Markus"]
[Black "Groetz, Harald"]
[Result "0-1"]
[WhiteElo "2399"]
[BlackElo "2332"]
[PlyCount "118"]
[EventDate "2009.10.17"]
[EventType "team"]
[EventRounds "11"]
[EventCountry "AUT"]
[WhiteTeam "SK Advisory Invest Baden"]
[BlackTeam "Aljechin/Wieden"]

1.d4 d5 2.Bf4 Nf6 3.e3 c6 4.Nd2 Bf5 5.Ngf3 e6 6.Be2 h6 7.O-O Nbd7 8.c4 Be7 9.Qb3
Qb6 10.c5 Qxb3 11.axb3 Ne4 12.Nxe4 dxe4 13.Ne5 g5 14.Nxd7 Kxd7 15.Bg3 h5 16.h3
a6 17.b4 Rag8 18.Kh1 Rh7 19.b5 cxb5 20.c6+ Kxc6 21.Rfc1+ Kb6 22.Bc7+ Ka7 23.Bxb5
Bd8 24.Bxa6 bxa6 25.Bxd8 Rxd8 26.Rc6 Rd7 27.Rcxa6+ Kb7 28.Ra7+ Kc8 29.Ra8+ Kc7
30.R1a6 f6 31.b4 Rd5 32.R8a7+ Kd8 33.Ra8+ Ke7 34.Rb8 Kf7 35.b5 Kg6 36.b6 Rdd7
37.Rg8+ Kh6 38.Rf8 Kg6 39.Rg8+ Kh6 40.Rf8 Rb7 41.Kh2 h4 42.d5 Kg7 43.Rd8 exd5
44.Rxd5 Kg6 45.Raa5 Be6 46.Rd6 Rhe7 47.Ra4 Bf5 48.Ra5 Red7 49.Rc6 Re7 50.Ra8 Bd7
51.Rd6 Re6 52.Ra7 Rxd6 53.Rxb7 Kf5 54.Rb8 Ke6 55.g3 hxg3+ 56.Kxg3 Rd2 57.Rh8 Rb2
58.h4 gxh4+ 59.Rxh4 Bc6

[Event "2. Bundesliga Ost 2009/2010"]
[Site "17+18.10Zwettl14+15.11Poechlarn"]
[Date "2010.04.17"]
[Round "10"]
[Board "4"]
[White "Schlosser, Michael"]
[Black "Sulyok, Michael"]
[Result "1-0"]
[WhiteElo "2345"]
[BlackElo "2240"]
[PlyCount "71"]
[EventDate "2009.10.17"]
[EventType "team"]
[EventRounds "11"]
[EventCountry "AUT"]
[WhiteTeam "Aljechin/Wieden"]
[BlackTeam "SK Advisory Invest Baden"]

1.e4 d6 2.d4 Nf6 3.Nc3 g6 4.Be3 c6 5.Qd2 b5 6.f3 Nbd7 7.g4 Nb6 8.Bh6 Bxh6 9.Qxh6
e5 10.O-O-O b4 11.Nce2 Qe7 12.Kb1 Bb7 13.dxe5 dxe5 14.Nc1 Nfd7 15.Nh3 O-O-O
16.Nf2 f6 17.Nb3 c5 18.Na5 Nb8 19.Bb5 Rd4 20.Qe3 Rhd8 21.Nb3 Rxd1+ 22.Rxd1 Rxd1+
23.Nxd1 a6 24.Be2 Na4 25.Na5 Qc7 26.Nc4 Nb6 27.Qh6 Nxc4 28.Qf8+ Kd7 29.Bxc4 Qd6
30.Qf7+ Qe7 31.Qg8 Nc6 32.Ne3 Nd4 33.Qb8 Bc6 34.Bxa6 Nxf3 35.Qc8+ Kd6 36.Nc4#

[Event "2. Bundesliga Ost 2009/2010"]
[Site "17+18.10Zwettl14+15.11Poechlarn"]
[Date "2010.04.17"]
[Round "10"]
[Board "5"]
[White "Herndlbauer, Martin"]
[Black "Pachta, Paul"]
[Result "0-1"]
[WhiteElo "2156"]
[BlackElo "2275"]
[PlyCount "54"]
[EventDate "2009.10.17"]
[EventType "team"]
[EventRounds "11"]
[EventCountry "AUT"]
[WhiteTeam "SK Advisory Invest Baden"]
[BlackTeam "Aljechin/Wieden"]

1.e4 c5 2.Nf3 g6 3.d4 cxd4 4.Nxd4 Bg7 5.c4 Nc6 6.Be3 Nf6 7.Nc3 Ng4 8.Qxg4 Nxd4
9.Qd1 Nc6 10.Qd2 h5 11.Be2 d6 12.O-O Ne5 13.Rfd1 b6 14.c5 bxc5 15.Bxc5 O-O
16.Bd4 Be6 17.Kh1 Qc7 18.Rac1 Qb7 19.b3 Rac8 20.f4 Bh6 21.Qe3 Nc6 22.Nb5 a6
23.Rxc6 Rxc6 24.Nc3 Rfc8 25.Qg3 Rxc3 26.Bxc3 Qxe4 27.Bxa6 Qc2

[Event "2. Bundesliga Ost 2009/2010"]
[Site "17+18.10Zwettl14+15.11Poechlarn"]
[Date "2010.04.17"]
[Round "10"]
[Board "6"]
[White "Batyte, Daiva"]
[Black "Geismann, Bernhard"]
[Result "0-1"]
[WhiteElo "2124"]
[BlackElo "2108"]
[PlyCount "132"]
[EventDate "2009.10.17"]
[EventType "team"]
[EventRounds "11"]
[EventCountry "AUT"]
[WhiteTeam "Aljechin/Wieden"]
[BlackTeam "SK Advisory Invest Baden"]

1.Nf3 Nc6 2.c4 e5 3.Nc3 Nf6 4.d3 d5 5.cxd5 Nxd5 6.g3 Be7 7.Bg2 O-O 8.O-O Nb6
9.a3 Be6 10.b4 Nd4 11.Bb2 Bb3 12.Qc1 Nxf3+ 13.Bxf3 c6 14.Ne4 f6 15.Nc5 Bxc5
16.bxc5 Na4 17.Rb1 Ba2 18.Ra1 Bb3 19.Rb1 Ba2 20.Ra1 Bd5 21.e4 Bb3 22.Be2 Be6
23.Rd1 Qa5 24.d4 Nxb2 25.Qxb2 exd4 26.Qxd4 Rfd8 27.Qb4 Rxd1+ 28.Rxd1 Qxb4
29.axb4 a5 30.bxa5 Rxa5 31.Rc1 Ra4 32.f3 Ra2 33.Kf2 Rb2 34.h4 Kf7 35.Ke3 Ke7
36.f4 b5 37.cxb6 Rxb6 38.Bd3 Kd6 39.e5+ fxe5 40.fxe5+ Kxe5 41.Bxh7 Rb3+ 42.Bd3
Bd5 43.Rc5 Kd6 44.Rc1 Ke5 45.Rc5 Kd6 46.Rc1 c5 47.Kd2 Ke5 48.Rc3 Kd4 49.Rxb3
Bxb3 50.g4 c4 51.Bg6 c3+ 52.Ke2 Be6 53.g5 Bg4+ 54.Ke1 Ke3 55.Bc2 Kf4 56.g6 Bf5
57.Kd1 Kg4 58.h5 Bxc2+ 59.Kxc2 Kxh5 60.Kxc3 Kxg6 61.Kd3 Kf5 62.Ke2 Kg4 63.Kf1
Kh3 64.Kg1 Kg3 65.Kh1 g5 66.Kg1 g4

[Event "2. Bundesliga Ost 2009/2010"]
[Site "17+18.10Zwettl14+15.11Poechlarn"]
[Date "2010.04.17"]
[Round "10"]
[Board "1"]
[White "Zilka, Stepan"]
[Black "Blatny, Pavel"]
[Result "1/2-1/2"]
[WhiteElo "2485"]
[BlackElo "2407"]
[PlyCount "98"]
[EventDate "2009.10.17"]
[EventType "team"]
[EventRounds "11"]
[EventCountry "AUT"]
[WhiteTeam "Blackburne Nickelsdorf"]
[BlackTeam "SK Zwettl"]

1.d4 d5 2.c4 e6 3.Nf3 c6 4.Nc3 f5 5.Bf4 Bd6 6.e3 Ne7 7.Bd3 O-O 8.O-O Ng6 9.Bxd6
Qxd6 10.Qc2 Nd7 11.cxd5 cxd5 12.Nb5 Qe7 13.Rac1 a6 14.Qa4 Nb6 15.Qa5 axb5
16.Qxb6 Ra6 17.Qxb5 Rxa2 18.Qb6 Qd8 19.Rc7 Rxb2 20.Rxg7+ Kxg7 21.Qxb2 Rf7 22.g3
Qd6 23.h4 Rc7 24.Kg2 Bd7 25.Qe2 Be8 26.Bb5 Bxb5 27.Qxb5 Qc6 28.Rb1 Qxb5 29.Rxb5
Kf6 30.Rb6 Ne7 31.Ng5 Nc6 32.Kf3 h6 33.Nh3 Na5 34.Nf4 Rc6 35.Rb1 b6 36.Nd3 Nc4
37.Kf4 Rc7 38.f3 Ra7 39.Ne5 Nxe5 40.dxe5+ Kf7 41.g4 Ra4+ 42.Kg3 fxg4 43.fxg4 Re4
44.Kf3 h5 45.gxh5 Rxh4 46.Rxb6 Rxh5 47.e4 Rxe5 48.exd5 Rxd5 49.Ke2 Kf6

[Event "2. Bundesliga Ost 2009/2010"]
[Site "17+18.10Zwettl14+15.11Poechlarn"]
[Date "2010.04.17"]
[Round "10"]
[Board "2"]
[White "Pisk, Petr"]
[Black "Pinter, Erik"]
[Result "1/2-1/2"]
[WhiteElo "2346"]
[BlackElo "2416"]
[PlyCount "85"]
[EventDate "2009.10.17"]
[EventType "team"]
[EventRounds "11"]
[EventCountry "AUT"]
[WhiteTeam "SK Zwettl"]
[BlackTeam "Blackburne Nickelsdorf"]

1.e4 c5 2.d4 cxd4 3.c3 dxc3 4.Nxc3 Nc6 5.Nf3 e6 6.Bc4 Qc7 7.O-O Nf6 8.Nb5 Qb8
9.e5 a6 10.Nd6+ Bxd6 11.exd6 b5 12.Bb3 Na5 13.Bc2 Nd5 14.Qd4 f6 15.Qg4 Qxd6
16.Qxg7 Qf8 17.Qg4 Bb7 18.a4 b4 19.Qh4 O-O-O 20.Bh6 Qf7 21.Be4 Rhg8 22.Rac1+ Kb8
23.Rfd1 Rc8 24.Rxc8+ Rxc8 25.Bxd5 Bxd5 26.Qxb4+ Nb7 27.Qf4+ d6 28.Ne1 Rc4 29.Qd2
f5 30.Be3 f4 31.Bb6 Qg6 32.Kh1 Rc2 33.Qxf4 Rc4 34.Qf8+ Rc8 35.Ba7+ Kxa7 36.Qxc8
Qg4 37.Qc2 Nc5 38.f3 Qh4 39.Qe2 Qxa4 40.Kg1 Qb3 41.Qc2 Qe3+ 42.Qf2 Qb3 43.Qc2